[Event "Mediterranean Flower (Women) 18th"]
[Site "Rijeka"]
[Date "2018.02.25"]
[Round "1"]
[White "Ivanenko, Olga I"]
[Black "Berke, Ana"]
[Result "1-0"]
[WhiteElo "2282"]
[BlackElo "2151"]
[PlyCount "25"]
[EventDate "2018.02.25"]
[EventType "tourn"]
[EventRounds "9"]
[EventCountry "CRO"]
[SourceTitle "CBM 183 Extra"]
[Source "ChessBase"]
[SourceDate "2018.04.19"]
[SourceVersion "1"]
[SourceVersionDate "2018.04.19"]
[SourceQuality "1"]

1. e4 c5 2. Nf3 Nc6 3. Nc3 e6 4. d4 cxd4 5. Nxd4 Qb6 6. Be3 Qxb2 7. Ndb5 Bb4 8. Bd2 Nd4 9. Rb1 Nxc2+ 10. Ke2 Nd4+ 11. Nxd4 Bxc3 12. Rxb2 Bxb2 13. Nb5 1-0

[Event "Prague op 17th"]
[Site "Prague"]
[Date "2018.01.16"]
[Round "6"]
[White "Ivanenko, Olga I"]
[Black "Akshat, Khamparia"]
[Result "0-1"]
[WhiteElo "2280"]
[BlackElo "2381"]
[PlyCount "118"]
[EventDate "2018.01.12"]
[EventType "swiss"]
[EventRounds "9"]
[EventCountry "CZE"]
[SourceTitle "CBM 182 Extra"]
[Source "ChessBase"]
[SourceDate "2018.02.23"]
[SourceVersion "1"]
[SourceVersionDate "2018.02.23"]
[SourceQuality "1"]

1. e4 c5 2. Nf3 d6 3. d4 cxd4 4. Nxd4 Nf6 5. Nc3 g6 6. Be2 Bg7 7. 0-0 0-0 8. Bg5 Nc6 9. Nb3 h6 10. Bh4 a6 11. f4 b5 12. Bf3 Bb7 13. Nd5 Nd7 14. c3 Re8 15. Qd2 Qb8 16. Bg4 e6 17. f5 Nce5 18. fxe6 fxe6 19. Ne7+ Rxe7 20. Bxe7 Nxg4 21. Bxd6 Qa7+ 22. Kh1 Qe3 23. Rae1 Qxd2 24. Nxd2 Nge5 25. b3 Nf7 26. e5 Ndxe5 27. Bxe5 Nxe5 28. Ne4 Rf8 29. Nc5 Bc8 30. Kg1 Rf5 31. Rd1 Nf7 32. Ne4 Be5 33. c4 bxc4 34. bxc4 Kg7 35. h3 Bc7 36. c5 Kf8 37. g4 Rxf1+ 38. Kxf1 Ke7 39. Ke2 Bb7 40. Ke3 g5 41. Rf1 Bf4+ 42. Kd4 Ne5 43. Rd1 Bd5 44. a3 Nc4 45. c6 Bxc6 46. Nc5 Bd5 47. Nxa6 Be5+ 48. Kc5 Bd6+ 49. Kb5 Nxa3+ 50. Kb6 Nc4+ 51. Kb5 Ne3 52. Ra1 Ng2 53. Nc5 Bxc5 54. Kxc5 Nf4 55. Kd4 Kf6 56. Ra3 Bg2 57. Ra7 Bxh3 58. Rh7 Kg6 59. Rh8 Bxg4 0-1

[Event "EU-ch (Women) 18th"]
[Site "Riga"]
[Date "2017.04.17"]
[Round "7"]
[White "Zawadzka, Jolanta"]
[Black "Ivanenko, Olga I"]
[Result "1-0"]
[WhiteElo "2449"]
[BlackElo "2252"]
[PlyCount "135"]
[EventDate "2017.04.11"]
[EventType "swiss"]
[EventRounds "11"]
[EventCountry "LAT"]
[SourceTitle "CBM 177 Extra"]
[Source "ChessBase"]
[SourceDate "2017.04.27"]
[SourceVersion "1"]
[SourceVersionDate "2017.04.27"]
[SourceQuality "1"]

1. e4 c5 2. Nf3 d6 3. d4 cxd4 4. Nxd4 Nf6 5. f3 e5 6. Nb3 Be6 7. c4 Nc6 8. Be3 Be7 9. Nc3 0-0 10. Be2 a6 11. 0-0 Rc8 12. Qd2 Nd7 13. Nd5 Nc5 14. Rfd1 Bxd5 15. Qxd5 Ne6 16. Bf1 Qc7 17. Qd2 Rfd8 18. Kh1 b6 19. Rac1 h6 20. g3 Bg5 21. f4 Bf6 22. Bh3 Rb8 23. Qf2 Nc5 24. Bg2 exf4 25. Bxf4 Be5 26. Rd2 Re8 27. Rcd1 Rbd8 28. Nc1 Qe7 29. Re2 a5 30. b3 Qf6 31. Be3 Qxf2 32. Bxf2 Re7 33. Bf3 Rde8 34. Kg2 g6 35. h4 h5 36. Be3 Kg7 37. Rf2 Rd8 38. Ne2 a4 39. Nf4 Bxf4 40. Bxf4 Ne5 41. Rd5 axb3 42. axb3 f6 43. Bxe5 Rxe5 44. b4 Na6 45. Rb2 Re7 46. Rd1 Rc7 47. Be2 Nb8 48. Rbd2 Nc6 49. Rxd6 Rxd6 50. Rxd6 Nxb4 51. Rxb6 Nc2 52. Kf2 Nd4 53. Bd3 Nc6 54. Ke3 Ne5 55. Rb4 Kf7 56. Be2 Ke6 57. Rb6+ Rc6 58. c5 Rxb6 59. cxb6 Nd7 60. b7 Ke5 61. Bb5 Nb8 62. Be8 g5 63. hxg5 fxg5 64. Bxh5 Kd6 65. Kf3 Kc7 66. Kg4 Kxb7 67. Kxg5 Kc6 68. Be8+ 1-0

[Event "UKR-ch (Women) 76th"]
[Site "Rivne"]
[Date "2016.12.17"]
[Round "9"]
[White "Martynkova, Olena"]
[Black "Ivanenko, Olga I"]
[Result "0-1"]
[WhiteElo "2280"]
[BlackElo "2261"]
[PlyCount "102"]
[EventDate "2016.12.08"]
[EventType "tourn"]
[EventRounds "9"]
[EventCountry "UKR"]
[EventCategory "2"]
[SourceTitle "CBM 176 Extra"]
[Source "ChessBase"]
[SourceDate "2017.03.02"]
[SourceVersion "1"]
[SourceVersionDate "2017.03.02"]
[SourceQuality "1"]

1. d4 Nf6 2. c4 g6 3. Nf3 Bg7 4. g3 d5 5. cxd5 Nxd5 6. Bg2 Nb6 7. 0-0 Nc6 8. e3 0-0 9. Nc3 a5 10. b3 e5 11. Ba3 Re8 12. dxe5 Nxe5 13. Nd4 Bg4 14. Qc2 c6 15. h3 Be6 16. Rfd1 Qg5 17. Ne4 Qh5 18. Nxe6 Rxe6 19. Nc5 Ree8 20. g4 Qh4 21. Nxb7 Nd5 22. Nd6 Re6 23. Rac1 h5 24. gxh5 Qxh5 25. Ne4 Rae8 26. Ng3 Qg5 27. Kh2 Qh4 28. Bc5 Ng4+ 29. Kg1 Ngxe3 30. fxe3 Qxg3 31. Qf2 Qg5 32. h4 Qg4 33. Qf3 Qxh4 34. Rc4 Qh6 35. e4 Nf4 36. Be3 Be5 37. Rc5 Rf6 38. Rxe5 Rxe5 39. Rd8+ Kh7 40. Bd4 Rfe6 41. Bxe5 Rxe5 42. Kf1 Qg5 43. Rd7 Kg8 44. Bh3 Rc5 45. Rd1 Nxh3 46. Qxh3 Qf4+ 47. Ke1 Qxe4+ 48. Kf1 Qf4+ 49. Kg1 Rg5+ 50. Kh1 Qe4+ 51. Kh2 Qe2+ 0-1

[Event "UKR-ch (Women) 76th"]
[Site "Rivne"]
[Date "2016.12.15"]
[Round "7"]
[White "Buksa, Nataliya"]
[Black "Ivanenko, Olga I"]
[Result "1-0"]
[WhiteElo "2264"]
[BlackElo "2261"]
[PlyCount "73"]
[EventDate "2016.12.08"]
[EventType "tourn"]
[EventRounds "9"]
[EventCountry "UKR"]
[EventCategory "2"]
[SourceTitle "CBM 176 Extra"]
[Source "ChessBase"]
[SourceDate "2017.03.02"]
[SourceVersion "1"]
[SourceVersionDate "2017.03.02"]
[SourceQuality "1"]

1. e4 c5 2. Nf3 Nc6 3. d4 cxd4 4. Nxd4 e5 5. Nb5 d6 6. N1c3 a6 7. Na3 Be7 8. Be3 Nf6 9. Nc4 b5 10. Nb6 Rb8 11. Nxc8 Rxc8 12. Be2 0-0 13. 0-0 h6 14. a4 b4 15. Nd5 Nxd5 16. exd5 Nb8 17. a5 Bg5 18. Bb6 Qd7 19. b3 Rc3 20. Ra4 Qc8 21. Bd3 Nd7 22. Rxb4 Nc5 23. Rc4 Rxc4 24. Bxc4 f5 25. Qe2 f4 26. f3 e4 27. fxe4 Re8 28. Bd3 Re7 29. b4 Na4 30. Bd4 Nc3 31. Qf3 Na2 32. h4 Bxh4 33. Qxf4 Bg5 34. Qxd6 Qg4 35. c3 Re8 36. Qc7 Bh4 37. Qf7+ 1-0

[Event "UKR-ch (Women) 76th"]
[Site "Rivne"]
[Date "2016.12.13"]
[Round "5"]
[White "Ivanenko, Olga I"]
[Black "Rakhmangulova, Anastasiya"]
[Result "1-0"]
[WhiteElo "2261"]
[BlackElo "2256"]
[PlyCount "119"]
[EventDate "2016.12.08"]
[EventType "tourn"]
[EventRounds "9"]
[EventCountry "UKR"]
[EventCategory "2"]
[SourceTitle "CBM 176 Extra"]
[Source "ChessBase"]
[SourceDate "2017.03.02"]
[SourceVersion "1"]
[SourceVersionDate "2017.03.02"]
[SourceQuality "1"]

1. b3 e5 2. Bb2 Nc6 3. e3 Nf6 4. Bb5 Bd6 5. Na3 e4 6. Bxc6 dxc6 7. Nc4 Be7 8. Ne2 h5 9. Ne5 h4 10. h3 Nd7 11. Ng4 Nf6 12. Ne5 Nd7 13. Nxd7 Bxd7 14. d3 Bf5 15. Nd4 Qd7 16. Nxf5 Qxf5 17. Qg4 Qxg4 18. hxg4 exd3 19. cxd3 0-0-0 20. Ke2 Rh6 21. f3 g5 22. Rac1 c5 23. Rc4 Ra6 24. Ra1 f6 25. Re4 Kd7 26. f4 Rg8 27. f5 h3 28. Kf3 h2 29. Ra4 Rxa4 30. bxa4 Rh8 31. Rh1 c6 32. e4 Kd6 33. Bc3 b5 34. Be1 Kd7 35. Bc3 Kd6 36. Be1 Kc7 37. Bc3 b4 38. Bb2 Kd6 39. Kg3 Bd8 40. Rxh2 Rxh2 41. Kxh2 c4 42. dxc4 Kc5 43. e5 Bc7 44. g3 fxe5 45. f6 Kxc4 46. f7 Bd6 47. Bxe5 Bf8 48. Bf6 Kd5 49. Bxg5 c5 50. Kg2 c4 51. Kf3 b3 52. axb3 cxb3 53. Bf6 Ba3 54. Bb2 Bd6 55. g5 Ke6 56. g6 Ke7 57. g4 a5 58. Ke4 Bb4 59. Bg7 Ke6 60. Kd3 1-0

[Event "UKR-ch (Women) 76th"]
[Site "Rivne"]
[Date "2016.12.09"]
[Round "2"]
[White "Babiy, Olga"]
[Black "Ivanenko, Olga I"]
[Result "1/2-1/2"]
[WhiteElo "2322"]
[BlackElo "2261"]
[PlyCount "86"]
[EventDate "2016.12.08"]
[EventType "tourn"]
[EventRounds "9"]
[EventCountry "UKR"]
[EventCategory "2"]
[SourceTitle "CBM 176 Extra"]
[Source "ChessBase"]
[SourceDate "2017.03.02"]
[SourceVersion "1"]
[SourceVersionDate "2017.03.02"]
[SourceQuality "1"]

1. e4 c5 2. Nf3 a6 3. c3 d6 4. d4 Qc7 5. Bd3 g6 6. 0-0 Bg7 7. h3 e5 8. b4 cxd4 9. cxd4 exd4 10. Bb2 Nc6 11. Qa4 Nge7 12. b5 Ne5 13. Nxe5 dxe5 14. bxa6+ Bd7 15. Qb4 bxa6 16. Ba3 Bf6 17. Rc1 Qd8 18. f4 Be6 19. Nd2 Rb8 20. Qa4+ Bd7 21. Qxa6 Rb6 22. Qa5 Nc6 23. Qd5 Ne7 24. Bxe7 Bxe7 25. Qxe5 0-0 26. Qc7 Bb4 27. Qxd8 Rxd8 28. Nc4 Rbb8 29. f5 Bb5 30. Rab1 Bc3 31. fxg6 hxg6 32. Rf1 Kg7 33. Rb3 Bxc4 34. Bxc4 f6 35. Ra3 Rd7 36. Rf3 Rb1+ 37. Kh2 Bb4 38. Rad3 Bd6+ 39. g3 Rc7 40. Rb3 Ra1 41. Bd3 Rxa2+ 42. Kg1 Rc1+ 43. Rf1 Rxf1+ 1/2-1/2

[Event "Pardubice Czech op-A 27th"]
[Site "Pardubice"]
[Date "2016.07.25"]
[Round "4"]
[White "Kraus, Tomas"]
[Black "Ivanenko, Olga I"]
[Result "1-0"]
[WhiteElo "2426"]
[BlackElo "2265"]
[PlyCount "133"]
[EventDate "2016.07.22"]
[EventType "swiss"]
[EventRounds "9"]
[EventCountry "CZE"]
[SourceTitle "CBM 173 Extra"]
[Source "ChessBase"]
[SourceDate "2016.08.29"]
[SourceVersion "1"]
[SourceVersionDate "2016.08.29"]
[SourceQuality "1"]

1. d4 Nf6 2. c4 g6 3. g3 Bg7 4. Bg2 d5 5. cxd5 Nxd5 6. e4 Nb6 7. Ne2 c5 8. d5 0-0 9. 0-0 e6 10. Nec3 exd5 11. exd5 Na6 12. Nd2 Bf5 13. Nde4 Qd7 14. Bg5 f6 15. Be3 Rac8 16. Qb3 Rfe8 17. a4 c4 18. Qa3 Kh8 19. Rfd1 Bxe4 20. Nxe4 c3 21. Bxb6 c2 22. Rdc1 axb6 23. Qb3 f5 24. Nc3 Nc5 25. Qxc2 Ne4 26. Qd3 Rc5 27. Nxe4 fxe4 28. Bxe4 Bxb2 29. Rxc5 bxc5 30. Ra2 Bd4 31. Kg2 b6 32. h4 Re5 33. Qf3 Kg7 34. a5 bxa5 35. Rxa5 Re7 36. Ra2 Qd6 37. Re2 Qf6 38. Qd3 Rf7 39. Qc2 Rb7 40. Qc1 Rf7 41. Qe1 Re7 42. Qb1 Rf7 43. Qa2 Re7 44. Qb1 Rf7 45. f3 Qd6 46. Qc1 Ra7 47. Qg5 Ra1 48. f4 Qf6 49. Qg4 Ra7 50. h5 Re7 51. hxg6 hxg6 52. Kf3 Bg1 53. Bxg6 Rxe2 54. Bd3+ Kf8 55. Bxe2 Qd4 56. Qf5+ Kg8 57. Kg4 Bf2 58. Qe5 Kf7 59. Qxd4 cxd4 60. Kf3 Be1 61. g4 Kf6 62. Ke4 Bd2 63. g5+ Kg6 64. Ke5 Kf7 65. d6 Be3 66. Bc4+ Ke8 67. g6 1-0

[Event "Pardubice Czech op-A 27th"]
[Site "Pardubice"]
[Date "2016.07.22"]
[Round "1"]
[White "Novikov, Stanislav"]
[Black "Ivanenko, Olga I"]
[Result "1-0"]
[WhiteElo "2528"]
[BlackElo "2265"]
[PlyCount "87"]
[EventDate "2016.07.22"]
[EventType "swiss"]
[EventRounds "9"]
[EventCountry "CZE"]
[SourceTitle "CBM 173 Extra"]
[Source "ChessBase"]
[SourceDate "2016.08.29"]
[SourceVersion "1"]
[SourceVersionDate "2016.08.29"]
[SourceQuality "1"]

1. e4 c5 2. Nf3 d6 3. c3 Nf6 4. Be2 g6 5. 0-0 Bg7 6. Bb5+ Bd7 7. Bxd7+ Nbxd7 8. Re1 Qc7 9. d4 0-0 10. Bg5 Rfe8 11. e5 dxe5 12. dxe5 Ng4 13. e6 fxe6 14. Nbd2 Nf8 15. Qa4 Nh6 16. Bf4 b5 17. Bxc7 bxa4 18. a3 Nf7 19. Bf4 Red8 20. Re4 Rd5 21. Rxa4 g5 22. Be3 Rb8 23. Nc4 Nd6 24. Nfd2 Rb7 25. Kf1 Nd7 26. Rc1 Nb6 27. Nxb6 axb6 28. Ke2 Rd7 29. g4 b5 30. Ra6 Kf7 31. a4 c4 32. a5 b4 33. Ra8 bxc3 34. bxc3 Rb7 35. Rc2 Nb5 36. a6 Rbd7 37. Nxc4 Nxc3+ 38. Kf3 Rd8 39. Rxd8 Rxd8 40. Nb6 Nd5 41. Rc8 Rxc8 42. Nxc8 Be5 43. a7 Nc7 44. h3 1-0

[Event "Lvov Vasylyshyn Memorial-B 12th"]
[Site "Lvov"]
[Date "2015.12.04"]
[Round "5"]
[White "Terletsky, Oleg"]
[Black "Ivanenko, Olga I"]
[Result "1-0"]
[WhiteElo "2179"]
[BlackElo "2221"]
[PlyCount "63"]
[EventDate "2015.11.30"]
[EventType "tourn"]
[EventRounds "9"]
[EventCountry "UKR"]
[EventCategory "2"]
[SourceTitle "CBM 169 Extra"]
[Source "ChessBase"]
[SourceDate "2015.12.18"]
[SourceVersion "1"]
[SourceVersionDate "2015.12.18"]
[SourceQuality "1"]

1. e4 c5 2. Nf3 a6 3. c4 Nc6 4. Be2 Nf6 5. Nc3 e6 6. 0-0 Qc7 7. d4 cxd4 8. Nxd4 Bd6 9. g3 Be5 10. Be3 d6 11. f4 Bxd4 12. Bxd4 0-0 13. Be3 Rd8 14. Qb3 Nd7 15. Na4 Rb8 16. Rac1 b6 17. Qc2 Nc5 18. Nc3 Qe7 19. a3 d5 20. exd5 exd5 21. Bf2 dxc4 22. Bxc4 Nd4 23. Bxd4 Rxd4 24. Nd5 Qb7 25. Qc3 Re4 26. b4 Ne6 27. f5 Nd4 28. Rce1 Nb5 29. Rxe4 Bxf5 30. Qe5 Bxe4 31. Ne7+ Kh8 32. Rxf7 1-0

[Event "Lvov Vasylyshyn Memorial-B 12th"]
[Site "Lvov"]
[Date "2015.12.03"]
[Round "4"]
[White "Ivanenko, Olga I"]
[Black "Polulikh, Bogdan"]
[Result "1/2-1/2"]
[WhiteElo "2221"]
[BlackElo "2203"]
[PlyCount "118"]
[EventDate "2015.11.30"]
[EventType "tourn"]
[EventRounds "9"]
[EventCountry "UKR"]
[EventCategory "2"]
[SourceTitle "CBM 169 Extra"]
[Source "ChessBase"]
[SourceDate "2015.12.18"]
[SourceVersion "1"]
[SourceVersionDate "2015.12.18"]
[SourceQuality "1"]

1. e4 e5 2. f4 d5 3. exd5 e4 4. d3 Nf6 5. dxe4 Nxe4 6. Nf3 Bc5 7. Qe2 Bf2+ 8. Kd1 Qxd5+ 9. Nbd2 f5 10. Ng5 Bb6 11. Ngxe4 fxe4 12. Qxe4+ Qxe4 13. Nxe4 Nc6 14. Bd2 Bg4+ 15. Kc1 0-0-0 16. Bd3 Nd4 17. Re1 Rhe8 18. b3 Bf5 19. Bc3 Kb8 20. Kb2 a5 21. a3 h6 22. Rad1 Ne6 23. Nd6 Rxd6 24. Bxf5 Rxd1 25. Rxd1 Nxf4 26. Bxg7 Nxg2 27. Rd2 Nh4 28. Bd7 Re7 29. Bf6 Nf3 30. Bxe7 Nxd2 31. Bg4 Be3 32. Bf5 Nf3 33. h3 Bd2 34. c3 Ne1 35. Bh4 b6 36. b4 axb4 37. cxb4 Nf3 38. Bf6 Ka7 39. b5 Bf4 40. Kc3 Bd6 41. a4 Kb8 42. Kd3 c6 43. Ke3 Ne5 44. Ke4 Nc4 45. bxc6 Kc7 46. Bd7 h5 47. Kf5 Nd2 48. Kg6 Ne4 49. Bd4 h4 50. Kf5 Nc5 51. Kg4 Bg3 52. Bf6 Nxa4 53. Bxh4 Bxh4 54. Kxh4 Nc5 55. Be8 Ne4 56. Bg6 Nf2 57. Be8 b5 58. Kg3 Nxh3 59. Kxh3 b4 1/2-1/2

[Event "Lvov Tradition 05"]
[Site "Lvov"]
[Date "2015.05.29"]
[Round "6"]
[White "Bunyatov, Rustam Faiq"]
[Black "Ivanenko, Olga I"]
[Result "1/2-1/2"]
[WhiteElo "2104"]
[BlackElo "2182"]
[PlyCount "191"]
[EventDate "2015.05.26"]
[EventType "tourn"]
[EventRounds "11"]
[EventCountry "UKR"]
[EventCategory "1"]
[SourceTitle "CBM 166 Extra"]
[Source "ChessBase"]
[SourceDate "2015.06.18"]
[SourceVersion "1"]
[SourceVersionDate "2015.06.18"]
[SourceQuality "1"]

1. c4 Nf6 2. Nc3 d5 3. cxd5 Nxd5 4. g3 g6 5. Bg2 Nb6 6. Nf3 Bg7 7. 0-0 Nc6 8. d3 0-0 9. Be3 e5 10. a4 a5 11. Ng5 Nd4 12. Nge4 c6 13. f4 Be6 14. fxe5 Bxe5 15. Bh6 Bg7 16. Bg5 f6 17. Bf4 Nd5 18. Nxd5 Bxd5 19. Nc3 Bb3 20. Qd2 g5 21. Be3 Nc2 22. Bc5 Nxa1 23. Bxf8 Qxf8 24. Rxa1 Qb4 25. Kh1 Re8 26. Qc1 h6 27. Qf1 Be6 28. Rb1 f5 29. e4 Rf8 30. exf5 Bxf5 31. Qd1 Re8 32. Ne4 Re7 33. Qc2 Qd4 34. Rf1 Bg6 35. b3 Rd7 36. Qc4+ Bf7 37. Qc2 Qxd3 38. Qxd3 Rxd3 39. Nc5 Rc3 40. Nxb7 Bxb3 41. Nxa5 Bxa4 42. Be4 Bb5 43. Rf2 Rc1+ 44. Kg2 Bd4 45. Rd2 c5 46. Nc6 Rg1+ 47. Kf3 Bf6 48. Bd5+ Kg7 49. Rc2 Rd1 50. Be4 c4 51. Nb4 c3 52. Nd5 Bd3 53. Bxd3 Rxd3+ 54. Ne3 Kg6 55. Ke4 Rd4+ 56. Kf3 Rd7 57. Ke4 Rd4+ 58. Kf3 Rb4 59. Ng4 Rb2 60. Rc1 Bd4 61. Ke4 Rd2 62. Ne3 Bg7 63. h4 h5 64. hxg5 Kxg5 65. Ra1 Rd4+ 66. Kf3 Be5 67. Ra5 Kf6 68. Rc5 Ra4 69. Rc6+ Kg7 70. Rc5 Kf6 71. Rc6+ Kf7 72. Rc5 Ke6 73. Rc6+ Kd7 74. Rh6 Ra3 75. Ke4 Bxg3 76. Rxh5 Be1 77. Nc2 Ra4+ 78. Kd3 Bd2 79. Rf5 Ke6 80. Rb5 Rh4 81. Nd4+ Kd7 82. Nc2 Kc6 83. Rf5 Rh3+ 84. Kc4 Rg3 85. Rf6+ Kd7 86. Ra6 Rg4+ 87. Kb3 Rg1 88. Kc4 Rg3 89. Kb3 Bf4 90. Kc4 Be5 91. Kd5 Bg7 92. Ra7+ Kd8 93. Kc4 Rg2 94. Kb3 Rg3 95. Rf7 Be5 96. Rf5 1/2-1/2

[Event "Lvov Tradition 03"]
[Site "Lvov"]
[Date "2015.03.27"]
[Round "6"]
[White "Anwesh, Upadhyaya"]
[Black "Ivanenko, Olga I"]
[Result "1-0"]
[WhiteElo "2366"]
[BlackElo "2146"]
[PlyCount "121"]
[EventDate "2015.03.24"]
[EventType "tourn"]
[EventRounds "9"]
[EventCountry "UKR"]
[EventCategory "1"]
[SourceTitle "CBM 165 Extra"]
[Source "ChessBase"]
[SourceDate "2015.04.21"]
[SourceVersion "1"]
[SourceVersionDate "2015.04.21"]
[SourceQuality "1"]

1. e4 c5 2. Nf3 d6 3. d4 cxd4 4. Nxd4 Nf6 5. Nc3 a6 6. Be3 Ng4 7. Bg5 h6 8. Bh4 g5 9. Bg3 Bg7 10. h3 Ne5 11. Nf5 Bxf5 12. exf5 Nbd7 13. Be2 Rc8 14. 0-0 Nb6 15. Ne4 d5 16. f6 exf6 17. Nd2 0-0 18. b3 f5 19. Bxe5 Bxe5 20. Rb1 Qf6 21. Bd3 Bf4 22. Re1 Nd7 23. Nf1 Nc5 24. g3 Nxd3 25. Qxd3 d4 26. gxf4 gxf4 27. Qf3 Qh4 28. Rbd1 Kh7 29. Rxd4 Qg5+ 30. Qg2 Qh4 31. Qh2 Rg8+ 32. Kh1 Rxc2 33. Rxf4 Qg5 34. Ne3 Rxa2 35. Rg1 Qd8 36. Rxg8 Qxg8 37. Qg2 Qb8 38. Qg3 Qe5 39. Rxf5 Qxg3 40. fxg3 Kg6 41. Rf3 b5 42. Ng4 Kg7 43. Ne5 f6 44. Ng4 a5 45. Nxf6 Ra3 46. Ne8+ Kg6 47. Nd6 b4 48. Kg2 a4 49. bxa4 Ra2+ 50. Kf1 Rxa4 51. Nc4 Ra1+ 52. Ke2 Ra2+ 53. Nd2 Ra1 54. Rb3 Rh1 55. h4 Rh2+ 56. Ke3 Rg2 57. Nf1 Kf5 58. Rxb4 Ra2 59. Kf3 Ra3+ 60. Ne3+ Kg6 61. g4 1-0

[Event "Wch U16 Girls"]
[Site "Porto Carras"]
[Date "2010.10.24"]
[Round "6"]
[White "Ivanenko, Olga I"]
[Black "Wisniowska, Klaudia"]
[Result "0-1"]
[WhiteElo "2108"]
[BlackElo "2009"]
[PlyCount "72"]
[EventDate "2010.10.20"]
[EventType "swiss"]
[EventRounds "11"]
[EventCountry "GRE"]
[SourceTitle "EXT 2011"]
[Source "ChessBase"]
[SourceDate "2010.11.26"]
[SourceVersion "1"]
[SourceVersionDate "2010.11.26"]
[SourceQuality "1"]

1. e4 c5 2. Nf3 d6 3. d4 cxd4 4. Nxd4 Nf6 5. Nc3 Nc6 6. Bg5 Bd7 7. Qd2 Rc8 8. f4 h6 9. Bxf6 gxf6 10. Nf5 Qa5 11. Bd3 Nb4 12. 0-0 Nxd3 13. Qxd3 Qc5+ 14. Kh1 Qc4 15. Qd2 Qc5 16. Rfe1 Kd8 17. Qd3 Qc4 18. Qd2 Qc5 19. Ne3 h5 20. e5 fxe5 21. fxe5 Qxe5 22. Ned5 Qg7 23. Qe3 Rg8 24. Re2 Rc5 25. Rd1 Qg5 26. Qf2 Qf5 27. Qh4 Qg4 28. Qf2 Qf5 29. Qg1 b6 30. b4 Rc8 31. Ne4 Bb5 32. c4 Bxc4 33. Nxd6 exd6 34. Rf2 Qxd5 35. Rxd5 Bxd5 36. Qd1 Bh6 0-1